Quelle ville commençant par G? - Statistiques

Statistiques générales
  • Ce quiz a été pris 487 fois
  • Le résultat moyen est 11 sur 20
Statistiques - réponses
Hint Réponse % Correct
Ville donnant son nom à une bande de territoire palestinien Gaza
88%
Ville la plus peuplée d'Écosse Glasgow
86%
Ville française "capitale des Alpes" Grenoble
83%
Capitale portant le nom de son pays Guatemala
77%
La Croix-Rouge fut créée dans cette ville Genève
76%
Ville portuaire rivale de Venise au Moyen-Âge Gênes
70%
Sa prise en 1492 mit fin à la Reconquista espagnole Grenade
69%
Deuxième commune la plus peuplée de Belgique Gand
64%
Capitale du Guyana Georgetown
59%
Ville française considérée comme la capitale mondiale du parfum Grasse
56%
Plus grande ville portuaire de la Pologne Gdańsk
54%
Deuxième ville du Mexique par nombre d'habitants Guadalajara
54%
Capitale du Botswana Gaborone
51%
Principal port de Scandinavie Göteborg
47%
Canton est son nom français Guangzhou
38%
Capitale du Burundi Gitega
36%
Deuxième ville d'Autriche par nombre d'habitants Graz
34%
Fut le siège en 1863 d'une célèbre bataille de la Guerre de Sécession Gettysburg
25%
Deuxième ville de l'Équateur Guayaquil
21%
Les J.O d'hiver de 1936 ont été tenu dans cette ville Garmisch-Partenkirchen
13%
Aucun quiz correspondant
Distribution des résultats
% des personnes avec chaque résultat
Percentile par nombre de réponses
Votre historique - résultats
Vous n’avez pas pris ce quiz